Super- Vocabulary Words - Statistics

General Stats
  • This quiz has been taken 140 times
  • The average score is 12 of 20
Answer Stats
Definition Word % Correct
Cape wearer from Krypton Superman
95%
Faster than the speed of sound Supersonic
89%
The French call this a supermarché Supermarket
88%
Strong adhesive Superglue
87%
Jesus Christ _________ Superstar
86%
Stellar explosion Supernova
80%
Very large metropolis Supercity
70%
Lake shared by two nations Superior
69%
Almost a hurricane Superstorm
69%
Excellent (and a synonym of ^^^) Superb
68%
Claudia Schiffer, for example Supermodel
68%
Complete the set: Id, ego, ________ Superego
64%
Extra levy on earnings Supertax
59%
Replace by updating Supercede
58%
Fries withdrawn by McDonalds in 2004 Supersized
51%
Person leading a team Supervisor
49%
The part of a bridge above its piers Superstructure
25%
Chill below freezing without solidifying Supercool
21%
Pension Superannuation
8%
Convenience store Superette
3%
No matching quizzes found
Score Distribution
Percent of People with Each Score
Percentile by Number Answered
Your Score History
You have not taken this quiz